K.I.L.L.S - Statistics

General Stats
  • This quiz has been taken 14 times
  • The average score is 120 of 176
Answer Stats
Hint Answer % Correct
Lyrics I
100%
Lyrics I.
100%
Lyrics L.
100%
Lyrics S
100%
Lyrics S.
100%
Lyrics K.
89%
Lyrics You
89%
Lyrics GIF
78%
Lyrics Is
78%
Lyrics Phone,
78%
Lyrics Sent
78%
Lyrics Silly
78%
Lyrics To
78%
Lyrics Your
78%
Lyrics All
67%
Lyrics Another
67%
Lyrics Banger?
67%
Lyrics Bi?
67%
Lyrics Busy
67%
Lyrics But
67%
Lyrics Don't
67%
Lyrics Dox
67%
Lyrics Fr
67%
Lyrics Get
67%
Lyrics Getting
67%
Lyrics Gotta
67%
Lyrics Hearts
67%
Lyrics House
67%
Lyrics I'll
67%
Lyrics I'm
67%
Lyrics Killed
67%
Lyrics Know
67%
Lyrics Lazy
67%
Lyrics Need
67%
Lyrics (Oh
67%
Lyrics Oh
67%
Lyrics Oh)
67%
Lyrics Or
67%
Lyrics Really
67%
Lyrics Red
67%
Lyrics See
67%
Lyrics That
67%
Lyrics That's
67%
Lyrics This
67%
Lyrics Tryna
67%
Lyrics Up?
67%
Lyrics Upload
67%
Lyrics Want,
67%
Lyrics Want
67%
Lyrics We
67%
Lyrics What
67%
Lyrics Who's
67%
Lyrics Year
67%
Lyrics Deal
56%
Lyrics Huh
56%
Lyrics Huh)
56%
Lyrics Make
56%
Lyrics Trap
56%
Lyrics (Uh
56%
Lyrics Uh
56%
Lyrics Yeah
56%
Lyrics Derap
44%
Lyrics Freaky
44%
Lyrics Lie
44%
Lyrics Lore
44%
Lyrics Nuke
44%
Lyrics Talking:
44%
Lyrics Base
33%
Lyrics Dust
33%
Lyrics Immortal
33%
Lyrics Into
33%
Lyrics Like
33%
Lyrics Mega
33%
Lyrics So
33%
Lyrics Straight
33%
Lyrics Take
33%
Lyrics Turn
33%
Lyrics Whatever
33%
Lyrics What's
33%
Lyrics (Whoo!)
33%
Lyrics (Cmon!)
11%
No matching quizzes found
Score Distribution
Percent of People with Each Score
Percentile by Number Answered
Your Score History
You have not taken this quiz